[Event "Titled Tuesday intern op 16th Apr Early"]
[Site "Chess.com INT"]
[Date "2024.04.16"]
[Round "2"]
[White "Kaydanovich, Marina"]
[Black "Hrbek, Stepan"]
[Result "0-1"]
[WhiteElo "1811"]
[BlackElo "2407"]
[PlyCount "38"]
[EventDate "2024.04.16"]
[EventType "swiss (blitz)"]
[EventRounds "11"]
[EventCountry "USA"]
[SourceTitle "CB17_2024"]
[SourceDate "2024.04.24"]
[SourceVersion "1"]
[SourceVersionDate "2024.04.24"]
[SourceQuality "1"]

1. Nf3 c5 2. e3 d5 3. d4 Nc6 4. b3 cxd4 5. exd4 Bg4 6. Bb2 e6 7. Be2 Bd6 8. Nbd2 Nge7 9. 0-0 0-0 10. c4 dxc4 11. bxc4 Bc7 12. h3 Bh5 13. Re1 Ba5 14. Rf1 Bc7 15. Re1 Bg6 16. Nf1 Nb4 17. Ne3 Nf5 18. Nxf5 Bxf5 19. Nh4 Qxh4 0-1

[Event "Titled Tuesday intern op 16th Apr Early"]
[Site "Chess.com INT"]
[Date "2024.04.16"]
[Round "11"]
[White "Kaydanovich, Marina"]
[Black "Miller, Luke C"]
[Result "1/2-1/2"]
[WhiteElo "1811"]
[BlackElo "1930"]
[PlyCount "86"]
[EventDate "2024.04.16"]
[EventType "swiss (blitz)"]
[EventRounds "11"]
[EventCountry "USA"]
[SourceTitle "CB17_2024"]
[SourceDate "2024.04.24"]
[SourceVersion "1"]
[SourceVersionDate "2024.04.24"]
[SourceQuality "1"]

1. d4 Nf6 2. c4 g6 3. Nc3 Bg7 4. e4 d6 5. Nf3 0-0 6. Be2 e5 7. Be3 Ng4 8. Bg5 f6 9. Bh4 g5 10. Bg3 Nc6 11. d5 Ne7 12. Nd2 Nh6 13. f3 f5 14. Bf2 f4 15. g4 c5 16. h4 Nf7 17. h5 h6 18. a3 Bd7 19. b4 b6 20. b5 Kh7 21. a4 Nc8 22. Nb3 a5 23. Qc2 Bf6 24. 0-0 Qc7 25. Kh1 Bd8 26. Nd2 Ne7 27. Rg1 Ng8 28. Nf1 Nf6 29. Nh2 Qc8 30. Bd1 Rg8 31. Rg2 Rg7 32. Be2 Be8 33. Nf1 Ra7 34. Rh2 Re7 35. Nd2 Bd7 36. Rg1 Re8 37. Nf1 Reg8 38. Nd1 Be7 39. Be1 Bd8 40. Bc3 Be7 41. Nf2 Bd8 42. Qd1 Bc7 43. Qe1 Qa8 1/2-1/2

[Event "Titled Tuesday intern op 16th Apr Early"]
[Site "Chess.com INT"]
[Date "2024.04.16"]
[Round "9"]
[White "Sanhueza, Cristian"]
[Black "Kaydanovich, Marina"]
[Result "1-0"]
[WhiteElo "2235"]
[BlackElo "1811"]
[PlyCount "49"]
[EventDate "2024.04.16"]
[EventType "swiss (blitz)"]
[EventRounds "11"]
[EventCountry "USA"]
[SourceTitle "CB17_2024"]
[SourceDate "2024.04.24"]
[SourceVersion "1"]
[SourceVersionDate "2024.04.24"]
[SourceQuality "1"]

1. e4 e5 2. Nf3 Nc6 3. Bc4 Bc5 4. c3 Nf6 5. d4 exd4 6. cxd4 Bb4+ 7. Nc3 Nxe4 8. 0-0 Bxc3 9. d5 Ne5 10. bxc3 Nxc4 11. Qd4 f5 12. Qxc4 d6 13. Re1 0-0 14. Rb1 Qf6 15. Nd4 Qf7 16. Ne6 Bxe6 17. dxe6 Qe7 18. Rxb7 Nc5 19. Bg5 Qxg5 20. e7+ Kh8 21. exf8Q+ Rxf8 22. Qf7 Rg8 23. Rxc7 Qd2 24. Qxg8+ Kxg8 25. Re8# 1-0

[Event "Sochi IPCA op"]
[Site "Sochi"]
[Date "2022.10.04"]
[Round "3"]
[White "Kaydanovich, Marina"]
[Black "Gaziev, Amir"]
[Result "0-1"]
[WhiteElo "1740"]
[BlackElo "1601"]
[PlyCount "34"]
[EventDate "2022.10.03"]
[EventType "swiss"]
[EventRounds "7"]
[EventCountry "RUS"]
[SourceTitle "CBM 210 Extra"]
[Source "ChessBase"]
[SourceDate "2022.11.30"]
[SourceVersion "1"]
[SourceVersionDate "2022.11.30"]
[SourceQuality "1"]

1. d4 Nf6 2. Nf3 g6 3. c4 Bg7 4. g3 0-0 5. Bg2 d6 6. Nc3 Nbd7 7. e4 e5 8. d5 Nc5 9. Qc2 a5 10. b3 Nh5 11. 0-0 f5 12. Bg5 Qe8 13. Rfe1 fxe4 14. Nxe4 Nxe4 15. Qxe4 Bf5 16. Qe3 Nf6 17. Qd2 Ne4 0-1

[Event "Sochi IPCA op"]
[Site "Sochi"]
[Date "2022.10.03"]
[Round "1"]
[White "Kaydanovich, Marina"]
[Black "Obodchuk, Andrei"]
[Result "0-1"]
[WhiteElo "1740"]
[BlackElo "2321"]
[PlyCount "42"]
[EventDate "2022.10.03"]
[EventType "swiss"]
[EventRounds "7"]
[EventCountry "RUS"]
[SourceTitle "CBM 210 Extra"]
[Source "ChessBase"]
[SourceDate "2022.11.30"]
[SourceVersion "1"]
[SourceVersionDate "2022.11.30"]
[SourceQuality "1"]

1. d4 Nf6 2. Nf3 d5 3. c4 e6 4. Bg5 Nbd7 5. e3 c6 6. Bd3 h6 7. Bh4 Be7 8. 0-0 0-0 9. Nc3 dxc4 10. Bxc4 b5 11. Bb3 Bb7 12. Rc1 a6 13. Qe2 c5 14. Rfd1 Qb6 15. e4 cxd4 16. Nxd4 Ne5 17. f3 Rfd8 18. Bf2 Bc5 19. Nc2 Bxf2+ 20. Qxf2 Qxf2+ 21. Kxf2 Nd3+ 0-1

[Event "Sochi IPCA op"]
[Site "Sochi"]
[Date "2022.10.03"]
[Round "2"]
[White "Pautov, Artem"]
[Black "Kaydanovich, Marina"]
[Result "0-1"]
[WhiteElo "1318"]
[BlackElo "1740"]
[PlyCount "56"]
[EventDate "2022.10.03"]
[EventType "swiss"]
[EventRounds "7"]
[EventCountry "RUS"]
[SourceTitle "CBM 210 Extra"]
[Source "ChessBase"]
[SourceDate "2022.11.30"]
[SourceVersion "1"]
[SourceVersionDate "2022.11.30"]
[SourceQuality "1"]

1. e4 e5 2. Nf3 Nc6 3. d4 exd4 4. Nxd4 Bc5 5. Nxc6 Qf6 6. Qe2 bxc6 7. e5 Qf5 8. Nc3 Ne7 9. g3 a5 10. g4 Qg6 11. Be3 Ba6 12. Qd2 Bxe3 13. Qxe3 Qxc2 14. Bxa6 Rxa6 15. Rc1 Qg6 16. Qf3 0-0 17. 0-0 Rb6 18. Na4 Rb4 19. Nc5 Rxg4+ 20. Kh1 Qh5 21. Rc3 d6 22. Ne4 Qh4 23. Re1 d5 24. Ng3 Rf4 25. Qe3 d4 26. Qe2 dxc3 27. bxc3 Nd5 28. Ne4 Nxc3 0-1

[Event "IPCA Wch 20th"]
[Site "Torrevieja"]
[Date "2021.10.25"]
[Round "8"]
[White "Moya Albaladejo, Jose Antonio"]
[Black "Kaydanovich, Marina"]
[Result "1-0"]
[WhiteElo "1923"]
[BlackElo "1737"]
[PlyCount "33"]
[EventDate "2021.10.18"]
[EventType "swiss"]
[EventRounds "9"]
[EventCountry "ESP"]
[SourceTitle "EXT 2023"]
[Source "ChessBase"]
[SourceDate "2022.10.05"]
[SourceVersion "1"]
[SourceVersionDate "2022.10.05"]
[SourceQuality "1"]

1. e4 e5 2. Nf3 Nc6 3. Bb5 a6 4. Ba4 b5 5. Bb3 Bc5 6. 0-0 Nf6 7. a4 Bb7 8. axb5 axb5 9. Rxa8 Bxa8 10. d3 d6 11. Nc3 Qb8 12. Bg5 Nd7 13. Nd5 h6 14. Be3 0-0 15. Nh4 Nd4 16. Bxd4 exd4 17. Ng6 1-0

[Event "IPCA Wch 20th"]
[Site "Torrevieja"]
[Date "2021.10.24"]
[Round "7"]
[White "Kaydanovich, Marina"]
[Black "Anfinogenov, Artem"]
[Result "0-1"]
[WhiteElo "1737"]
[BlackElo "2032"]
[PlyCount "86"]
[EventDate "2021.10.18"]
[EventType "swiss"]
[EventRounds "9"]
[EventCountry "ESP"]
[SourceTitle "EXT 2023"]
[Source "ChessBase"]
[SourceDate "2022.10.05"]
[SourceVersion "1"]
[SourceVersionDate "2022.10.05"]
[SourceQuality "1"]

1. d4 Nf6 2. Nf3 e6 3. c4 c5 4. d5 exd5 5. cxd5 d6 6. Nc3 g6 7. e4 a6 8. a4 Bg7 9. Be2 Bg4 10. a5 0-0 11. 0-0 Re8 12. h3 Bxf3 13. Bxf3 Nbd7 14. Bf4 Ne5 15. Be2 h6 16. Be3 g5 17. Qc2 Ng6 18. Rfe1 Qe7 19. Ra4 Nd7 20. Bh5 Nf4 21. Bg4 Ne5 22. Bf5 Nfd3 23. Rd1 Nb4 24. Qe2 Nd7 25. f4 gxf4 26. Bxf4 b5 27. axb6 Nxb6 28. Raa1 Qf6 29. g4 Qe7 30. Kg2 c4 31. Be3 Nd3 32. Rf1 Bxc3 33. bxc3 Nxd5 34. Bxh6 Nxc3 35. Qc2 Qe5 36. Ra3 Nxe4 37. Rxd3 cxd3 38. Qxd3 Rab8 39. Bf4 Qb2+ 40. Kg1 Qb6+ 41. Be3 Qb3 42. Qd4 Ng3 43. Bh7+ Kxh7 0-1

[Event "Online Olym Div3 A"]
[Site "Chess.com INT"]
[Date "2021.08.29"]
[Round "7.5"]
[White "Kaydanovich, Marina"]
[Black "Azhar, Puteri Rifqah Fahad"]
[Result "1/2-1/2"]
[WhiteElo "1737"]
[BlackElo "1939"]
[PlyCount "83"]
[EventDate "2021.08.27"]
[EventType "team-tourn (rapid)"]
[EventRounds "9"]
[EventCountry "USA"]
[SourceTitle "CBM 204 Extra"]
[Source "ChessBase"]
[SourceDate "2021.11.30"]
[SourceVersion "1"]
[SourceVersionDate "2021.11.30"]
[SourceQuality "1"]
[WhiteTeam "IPCA"]
[BlackTeam "Malaysia"]
[BlackTeamCountry "MAS"]

1. c4 Nf6 2. Nc3 e6 3. d4 d5 4. e3 Be7 5. Nf3 0-0 6. Bd3 Nbd7 7. 0-0 c6 8. Qc2 Bd6 9. e4 dxe4 10. Nxe4 Nxe4 11. Bxe4 h6 12. h3 Qc7 13. b3 e5 14. Bb2 exd4 15. Bxd4 Ne5 16. Rad1 Nxf3+ 17. Bxf3 Be5 18. Be3 Be6 19. Rd2 Rfd8 20. Rfd1 a6 21. a4 Rxd2 22. Qxd2 Rc8 23. Bg4 f5 24. Bh5 Kh7 25. Qd3 g6 26. Bf3 Qf7 27. Bc5 Re8 28. Qc2 Bf6 29. Bd4 Rd8 30. Bxf6 Qxf6 31. Rxd8 Qxd8 32. Qd1 Qxd1+ 33. Bxd1 Kg7 34. Kf1 Kf6 35. f4 b6 36. Kf2 Ke7 37. Ke3 Kd6 38. Kd4 c5+ 39. Kc3 a5 40. Bf3 Bf7 41. Kd3 h5 42. Ke3 1/2-1/2

[Event "Online Olym Div3 A"]
[Site "Chess.com INT"]
[Date "2021.08.28"]
[Round "5.4"]
[White "Kaydanovich, Marina"]
[Black "Gan, Emily Cathay"]
[Result "1-0"]
[WhiteElo "1737"]
[BlackElo "1438"]
[PlyCount "81"]
[EventDate "2021.08.27"]
[EventType "team-tourn (rapid)"]
[EventRounds "9"]
[EventCountry "USA"]
[SourceTitle "CBM 204 Extra"]
[Source "ChessBase"]
[SourceDate "2021.11.30"]
[SourceVersion "1"]
[SourceVersionDate "2021.11.30"]
[SourceQuality "1"]
[WhiteTeam "IPCA"]
[BlackTeam "New Zealand"]
[BlackTeamCountry "NZL"]

1. c4 Nf6 2. Nc3 g6 3. d4 Bg7 4. e4 0-0 5. Nf3 d6 6. Be2 Nbd7 7. 0-0 b6 8. h3 Bb7 9. Qc2 Rc8 10. Rd1 c5 11. d5 a6 12. Rb1 Ne8 13. Bf4 Ne5 14. Nxe5 Bxe5 15. Bxe5 dxe5 16. Qd2 Nd6 17. f4 exf4 18. Qxf4 Qc7 19. Rf1 Rb8 20. b3 Bc8 21. Bd3 Bd7 22. Rbe1 Qc8 23. Nd1 f5 24. e5 Nb7 25. e6 Be8 26. Qe5 Nd6 27. Nc3 b5 28. Ne2 bxc4 29. bxc4 Rb4 30. Rc1 Ba4 31. h4 h5 32. Nf4 Kh7 33. Nh3 Ne8 34. Ng5+ Kh6 35. Nf7+ Kh7 36. Bxf5 gxf5 37. Qxf5+ Kg7 38. Qg5+ Kh7 39. Qxh5+ Kg7 40. Qh6+ Kg8 41. Qh8# 1-0

[Event "Online Olym Disabilities"]
[Site "Tornelo INT"]
[Date "2020.11.23"]
[Round "3.1"]
[White "Kaydanovich, Marina"]
[Black "Demirel, Huseyin"]
[Result "1-0"]
[WhiteElo "1734"]
[BlackElo "1451"]
[PlyCount "83"]
[EventDate "2020.11.21"]
[EventType "team-swiss (rapid)"]
[EventRounds "7"]
[EventCountry "NET"]
[SourceTitle "CBM 199 Extra"]
[Source "ChessBase"]
[SourceDate "2021.01.31"]
[SourceVersion "1"]
[SourceVersionDate "2021.01.31"]
[SourceQuality "1"]
[WhiteTeam "Russia"]
[BlackTeam "Turkey"]
[WhiteTeamCountry "RUS"]
[BlackTeamCountry "TUR"]

1. d4 d5 2. c4 e5 3. dxe5 d4 4. e4 Nc6 5. Nf3 Nge7 6. Bg5 Bg4 7. Qa4 Qd7 8. Nbd2 0-0-0 9. Bd3 Kb8 10. 0-0 h6 11. Bh4 g5 12. Bg3 Ng6 13. a3 Re8 14. b4 Ncxe5 15. Qxd7 Nxd7 16. h3 Be6 17. Rac1 Bg7 18. c5 Nde5 19. Bb5 Rd8 20. Nxe5 Nxe5 21. Rfd1 Kc8 22. c6 b6 23. a4 Rd6 24. a5 Kd8 25. Ra1 Ke7 26. axb6 axb6 27. Ra7 Kd8 28. Rc1 f5 29. exf5 Bxf5 30. Nc4 Nxc4 31. Rxc4 Rd5 32. Bxc7+ Ke7 33. Be5+ Ke6 34. Bxg7 Rg8 35. Rxd4 Rxb5 36. g4 Bg6 37. Rad7 Rxg7 38. Rxg7 Bf7 39. c7 Kf6 40. Rxf7+ Kxf7 41. c8Q Re5 42. Qc7+ 1-0

[Event "Online Olym Disabilities"]
[Site "Tornelo INT"]
[Date "2020.11.22"]
[Round "2.7"]
[White "Angot, Cheryl A"]
[Black "Kaydanovich, Marina"]
[Result "0-1"]
[WhiteElo "1315"]
[BlackElo "1734"]
[PlyCount "28"]
[EventDate "2020.11.21"]
[EventType "team-swiss (rapid)"]
[EventRounds "7"]
[EventCountry "NET"]
[SourceTitle "CBM 199 Extra"]
[Source "ChessBase"]
[SourceDate "2021.01.31"]
[SourceVersion "1"]
[SourceVersionDate "2021.01.31"]
[SourceQuality "1"]
[WhiteTeam "Philippines II"]
[BlackTeam "Russia"]
[WhiteTeamCountry "PHI"]
[BlackTeamCountry "RUS"]

1. e4 c5 2. Nf3 d6 3. c3 e5 4. Bc4 Be7 5. Qb3 Nh6 6. d4 0-0 7. Bxh6 gxh6 8. dxe5 Nc6 9. Bd5 Nxe5 10. Nxe5 dxe5 11. 0-0 Qd6 12. c4 Kh8 13. Nc3 Qg6 14. Ne2 Rb8 0-1

[Event "Online Olym Div2 B"]
[Site "Chess.com INT"]
[Date "2020.08.15"]
[Round "6.4"]
[White "Gorozhankina, Julia"]
[Black "Kaydanovich, Marina"]
[Result "1-0"]
[WhiteElo "2035"]
[BlackElo "1734"]
[PlyCount "61"]
[EventDate "2020.08.14"]
[EventType "team-tourn (rapid)"]
[EventRounds "9"]
[EventCountry "USA"]
[SourceTitle "CBM 198"]
[Source "ChessBase"]
[SourceDate "2020.10.31"]
[SourceVersion "1"]
[SourceVersionDate "2020.10.31"]
[SourceQuality "1"]
[WhiteTeam "Latvia"]
[BlackTeam "IPCA"]
[WhiteTeamCountry "LAT"]

1. Nf3 Nf6 2. d4 d5 3. e3 e6 4. Be2 Nbd7 5. 0-0 c5 6. c4 Bd6 7. Nc3 cxd4 8. Nxd4 a6 9. cxd5 exd5 10. Nf5 Bf8 11. Nxd5 Nxd5 12. Qxd5 Nf6 13. Qe5+ Be6 14. Rd1 Qb8 15. Qxb8+ Rxb8 16. Nd4 Bd7 17. Bd2 Ne4 18. Be1 Be7 19. Bf3 Ng5 20. Bd5 h5 21. Rac1 Rh6 22. h4 Ne6 23. Nf5 Rg6 24. Nxe7 Kxe7 25. Bb4+ Ke8 26. Bd6 Rc8 27. Be5 Nd8 28. Bf4 Nc6 29. Bxf7+ Kxf7 30. Rxd7+ Ke8 31. Rxb7 1-0

[Event "IPCA Wch 19th"]
[Site "Ruzomberok"]
[Date "2019.07.04"]
[Round "7"]
[White "Kaydanovich, Marina"]
[Black "Frumin, Rebeka"]
[Result "1-0"]
[WhiteElo "1760"]
[BlackElo "1398"]
[PlyCount "89"]
[EventDate "2019.06.28"]
[EventType "swiss"]
[EventRounds "9"]
[EventCountry "SVK"]
[SourceTitle "CBM 191 Extra"]
[Source "ChessBase"]
[SourceDate "2019.09.30"]
[SourceVersion "1"]
[SourceVersionDate "2019.09.30"]
[SourceQuality "1"]

1. Nf3 Nf6 2. d4 d5 3. c4 e6 4. e3 Be7 5. Bd3 0-0 6. Nbd2 b6 7. 0-0 Bb7 8. Qe2 Ne4 9. Rd1 Nd7 10. Nf1 Ndf6 11. Ne5 Bd6 12. f3 Ng5 13. h4 Nxf3+ 14. Nxf3 dxc4 15. Bxc4 Be4 16. N1d2 Bg6 17. e4 Ng4 18. e5 Be7 19. g3 Bh5 20. Ne4 Rb8 21. Bf4 Qd7 22. Kg2 f5 23. Nc3 Kh8 24. d5 Qc8 25. dxe6 Bc5 26. a3 a5 27. Rab1 h6 28. b4 Be7 29. Nd5 Qe8 30. Nxc7 Qc8 31. Nb5 Qc6 32. Bd5 Qc8 33. Rbc1 Qe8 34. Bc6 Qg6 35. Bd7 axb4 36. axb4 Bxb4 37. Nd6 Bxd6 38. Rxd6 Qh7 39. e7 Rg8 40. Qb5 Ra8 41. Qb1 Rab8 42. Bxf5 g6 43. Bxg4 Bxg4 44. Rc7 Rg7 45. Rd8+ 1-0

[Event "IPCA Wch 19th"]
[Site "Ruzomberok"]
[Date "2019.07.03"]
[Round "6"]
[White "Pamarthi, Audietya Aazadh"]
[Black "Kaydanovich, Marina"]
[Result "1-0"]
[WhiteElo "1346"]
[BlackElo "1760"]
[PlyCount "91"]
[EventDate "2019.06.28"]
[EventType "swiss"]
[EventRounds "9"]
[EventCountry "SVK"]
[SourceTitle "CBM 191 Extra"]
[Source "ChessBase"]
[SourceDate "2019.09.30"]
[SourceVersion "1"]
[SourceVersionDate "2019.09.30"]
[SourceQuality "1"]

1. e4 e5 2. Nf3 Nc6 3. Bc4 Bc5 4. d3 Nf6 5. Bg5 h6 6. Bh4 d6 7. h3 Qe7 8. Nc3 Be6 9. Nd5 Bxd5 10. Bxd5 Nd8 11. c3 c6 12. Bb3 0-0 13. 0-0 Bb6 14. Re1 Ne6 15. Qd2 Nf4 16. Kh2 Rad8 17. Rad1 Ng6 18. Bg3 Nh5 19. d4 Nxg3 20. fxg3 Qc7 21. Qe2 Qe7 22. Ng1 Kh7 23. Rf1 f6 24. Qf3 Qd7 25. h4 Qc8 26. Nh3 c5 27. dxc5 dxc5 28. Bd5 Ne7 29. c4 Nc6 30. Bxc6 Qxc6 31. Rd5 Bc7 32. b3 b6 33. Rfd1 Qe6 34. g4 g6 35. R1d3 Rde8 36. g3 Rf7 37. Kg2 f5 38. gxf5 gxf5 39. Qh5 Kg8 40. exf5 Rxf5 41. Qg4+ Kf8 42. Rd7 Rf7 43. Rxf7+ Kxf7 44. Rf3+ Ke7 45. Qe4 Qd6 46. Qh7+ 1-0

[Event "IPCA Wch 19th"]
[Site "Ruzomberok"]
[Date "2019.06.29"]
[Round "2"]
[White "Angappan, A."]
[Black "Kaydanovich, Marina"]
[Result "1/2-1/2"]
[WhiteElo "1267"]
[BlackElo "1760"]
[PlyCount "117"]
[EventDate "2019.06.28"]
[EventType "swiss"]
[EventRounds "9"]
[EventCountry "SVK"]
[SourceTitle "CBM 191 Extra"]
[Source "ChessBase"]
[SourceDate "2019.09.30"]
[SourceVersion "1"]
[SourceVersionDate "2019.09.30"]
[SourceQuality "1"]

1. e4 e5 2. Nf3 Nc6 3. Bc4 Bc5 4. 0-0 Nf6 5. c3 Bb6 6. d4 d6 7. dxe5 dxe5 8. Qxd8+ Nxd8 9. Nxe5 Nxe4 10. Nd2 Nd6 11. Bb3 0-0 12. Ndc4 Nxc4 13. Bxc4 Ne6 14. Be3 Bxe3 15. fxe3 f6 16. Nd3 Kh8 17. Rad1 Ng5 18. Nf4 Bg4 19. Rd4 Bc8 20. h4 c5 21. Rd5 Ne4 22. Rfd1 Bg4 23. Be2 Bxe2 24. Nxe2 b6 25. Nf4 Rfe8 26. Rd7 Ng3 27. Kh2 Nf5 28. Nd5 Nxe3 29. Nxe3 Rxe3 30. Rd8+ Re8 31. Rxe8+ Rxe8 32. Rd7 Ra8 33. Kg3 Kg8 34. Kf4 Kf8 35. Kf5 a6 36. Rb7 b5 37. Rb6 c4 38. h5 Ra7 39. g3 Kf7 40. g4 g6+ 41. Kf4 Kg7 42. hxg6 hxg6 43. g5 f5 44. Rf6 Re7 45. Rxa6 Re4+ 46. Kf3 Rg4 47. Rb6 Rxg5 48. Rxb5 Rg1 49. a4 Kf6 50. Rc5 Rb1 51. Rxc4 Rxb2 52. a5 Ra2 53. Rc5 g5 54. Rc6+ Ke5 55. Rc5+ Ke6 56. Rc6+ Kd7 57. Rc5 Ke6 58. Rc6+ Kd7 59. Rc5 1/2-1/2

[Event "Olympiad Women-43"]
[Site "Batumi"]
[Date "2018.10.01"]
[Round "7.31"]
[White "McPherson, Naledi"]
[Black "Kaydanovich, Marina"]
[Result "0-1"]
[WhiteElo "1267"]
[BlackElo "1725"]
[PlyCount "68"]
[EventDate "2018.09.24"]
[EventType "team-swiss"]
[EventRounds "11"]
[EventCountry "GEO"]
[SourceTitle "EXT 2020"]
[Source "ChessBase"]
[SourceDate "2019.10.17"]
[SourceVersion "1"]
[SourceVersionDate "2019.10.17"]
[SourceQuality "1"]
[WhiteTeam "Lesotho (W)"]
[BlackTeam "IPCA (W)"]
[WhiteTeamCountry "LES"]

1. e4 e5 2. Nf3 Nc6 3. Bc4 Bc5 4. 0-0 Nf6 5. d3 d6 6. Nbd2 0-0 7. Re1 Ng4 8. Rf1 Na5 9. Bb3 Nxb3 10. axb3 c6 11. h3 Nf6 12. Re1 Ne8 13. Nf1 f5 14. exf5 Bxf5 15. Ng3 Bd7 16. Qe2 Nf6 17. Ne4 Nxe4 18. Qxe4 Qf6 19. Qe2 Bxh3 20. gxh3 Qxf3 21. Qxf3 Rxf3 22. Kg2 Rxf2+ 23. Kg3 Rxc2 24. Rf1 Rf8 25. Rxf8+ Kxf8 26. Kf3 Kf7 27. Rb1 Ke6 28. Ra1 Rf2+ 29. Kg3 Rf1 30. Kg2 Rd1 31. Kf3 Rxd3+ 32. Kg4 Rxb3 33. h4 d5 34. Ra2 e4 0-1

[Event "Olympiad Women-43"]
[Site "Batumi"]
[Date "2018.09.27"]
[Round "4.31"]
[White "Greenidge, Vanessa"]
[Black "Kaydanovich, Marina"]
[Result "0-1"]
[WhiteElo "1492"]
[BlackElo "1725"]
[PlyCount "70"]
[EventDate "2018.09.24"]
[EventType "team-swiss"]
[EventRounds "11"]
[EventCountry "GEO"]
[SourceTitle "EXT 2020"]
[Source "ChessBase"]
[SourceDate "2019.10.17"]
[SourceVersion "1"]
[SourceVersionDate "2019.10.17"]
[SourceQuality "1"]
[WhiteTeam "Barbados (W)"]
[BlackTeam "IPCA (W)"]
[WhiteTeamCountry "BAR"]

1. d4 Nf6 2. c4 e6 3. Nc3 d5 4. cxd5 exd5 5. Bg5 c6 6. e3 Qb6 7. Rb1 Bf5 8. Bd3 Ne4 9. Bf4 Bg6 10. Nf3 Bd6 11. Bxd6 Nxd6 12. Ne5 Bxd3 13. Nxd3 Nd7 14. 0-0 0-0 15. b4 Nf6 16. a4 a6 17. a5 Qd8 18. Na4 Nfe4 19. Nac5 Nc3 20. Qg4 Nxb1 21. Rxb1 Qe7 22. Nf4 f5 23. Qh3 Rf6 24. Qh4 Re8 25. Nfd3 Nc4 26. Nb2 Nxb2 27. Rxb2 f4 28. Rb3 Qf7 29. f3 fxe3 30. Qe1 e2 31. Rb2 Qe7 32. Rd2 Qe3+ 33. Kh1 Qxd2 34. Qxd2 e1Q+ 35. Qxe1 Rxe1# 0-1

[Event "Moscow op-B (Women) 14th"]
[Site "Moscow"]
[Date "2018.01.28"]
[Round "2"]
[White "Kaydanovich, Marina"]
[Black "Danilova, Rada"]
[Result "0-1"]
[WhiteElo "1759"]
[BlackElo "1959"]
[PlyCount "52"]
[EventDate "2018.01.27"]
[EventType "swiss"]
[EventRounds "9"]
[EventCountry "RUS"]
[SourceTitle "CBM 182 Extra"]
[Source "ChessBase"]
[SourceDate "2018.02.23"]
[SourceVersion "1"]
[SourceVersionDate "2018.02.23"]
[SourceQuality "1"]

1. d4 Nf6 2. c4 g6 3. Nc3 Bg7 4. e4 d6 5. Nf3 0-0 6. Be2 Bg4 7. Qb3 Bxf3 8. Bxf3 Nc6 9. Be3 Nd7 10. Rd1 e5 11. dxe5 Ndxe5 12. Be2 Qd7 13. h3 Na5 14. Qb4 Nac6 15. Qb3 Na5 16. Qb4 b6 17. c5 Nb7 18. cxd6 Nxd6 19. 0-0 Qe6 20. Rd5 Nc6 21. Qa4 Bxc3 22. Qxc6 Bxb2 23. Qxc7 Nxe4 24. Rd7 Be5 25. Qb7 Rfb8 26. Qd5 Nc3 0-1

[Event "IPCA Wch 17th"]
[Site "Ruzomberok"]
[Date "2017.06.02"]
[Round "6"]
[White "Melnik, Galina Ivanovna"]
[Black "Kaydanovich, Marina"]
[Result "1/2-1/2"]
[WhiteElo "1848"]
[BlackElo "1781"]
[PlyCount "64"]
[EventDate "2017.05.28"]
[EventType "swiss"]
[EventRounds "9"]
[EventCountry "SVK"]
[SourceTitle "EXT 2018"]
[Source "ChessBase"]
[SourceDate "2017.10.13"]
[SourceVersion "1"]
[SourceVersionDate "2017.10.13"]
[SourceQuality "1"]

1. d4 d5 2. Nf3 Nf6 3. c4 e6 4. Nc3 dxc4 5. e3 c5 6. Bxc4 cxd4 7. exd4 a6 8. a4 Nc6 9. 0-0 Be7 10. Be3 0-0 11. h3 Nb4 12. Bg5 h6 13. Bh4 Qb6 14. Qb3 g5 15. Bg3 Rd8 16. Rfd1 Qa5 17. Rac1 Bd6 18. Be5 Nfd5 19. Bxd5 exd5 20. Ne2 Be6 21. Bxd6 Rxd6 22. Rc5 b5 23. axb5 axb5 24. Nc3 Rb8 25. Nb1 Na6 26. Rcc1 b4 27. Ne5 Qb6 28. Qg3 f6 29. Nd3 Rc8 30. Rxc8+ Bxc8 31. Qe3 Re6 32. Qc1 Rc6 1/2-1/2

[Event "IPCA Wch 17th"]
[Site "Ruzomberok"]
[Date "2017.05.31"]
[Round "4"]
[White "Kaydanovich, Marina"]
[Black "Konkolova, Nikola"]
[Result "1-0"]
[WhiteElo "1781"]
[BlackElo "1539"]
[PlyCount "41"]
[EventDate "2017.05.28"]
[EventType "swiss"]
[EventRounds "9"]
[EventCountry "SVK"]
[SourceTitle "EXT 2018"]
[Source "ChessBase"]
[SourceDate "2017.10.13"]
[SourceVersion "1"]
[SourceVersionDate "2017.10.13"]
[SourceQuality "1"]

1. d4 e6 2. c4 c6 3. e4 d5 4. cxd5 cxd5 5. e5 Nc6 6. Nf3 Bb4+ 7. Nc3 Nge7 8. Bd3 0-0 9. 0-0 Bd7 10. Bd2 Rc8 11. a3 Ba5 12. b4 Bb6 13. Nb5 a6 14. Nd6 Rb8 15. Be3 Nc8 16. Nxc8 Rxc8 17. Rc1 Ne7 18. Qd2 g6 19. Bg5 Rxc1 20. Rxc1 Qe8 21. Bf6 1-0

[Event "IPCA Wch 17th"]
[Site "Ruzomberok"]
[Date "2017.05.30"]
[Round "3"]
[White "Spirka, Jan"]
[Black "Kaydanovich, Marina"]
[Result "0-1"]
[WhiteElo "1498"]
[BlackElo "1781"]
[PlyCount "64"]
[EventDate "2017.05.28"]
[EventType "swiss"]
[EventRounds "9"]
[EventCountry "SVK"]
[SourceTitle "EXT 2018"]
[Source "ChessBase"]
[SourceDate "2017.10.13"]
[SourceVersion "1"]
[SourceVersionDate "2017.10.13"]
[SourceQuality "1"]

1. e4 e5 2. Nf3 Nc6 3. Nc3 Nf6 4. d3 Bb4 5. Bd2 d6 6. Be2 Bd7 7. a3 Ba5 8. 0-0 a6 9. Bg5 h6 10. Bd2 0-0 11. Rb1 b5 12. b4 Bb6 13. Qc1 Kh7 14. Nd1 Bg4 15. h3 Bxf3 16. Bxf3 Nd4 17. Ne3 Nxf3+ 18. gxf3 Nh5 19. Nf5 Re8 20. Bxh6 g6 21. Bg5 f6 22. Nh6 fxg5 23. Nf7 Qf6 24. Nxg5+ Kg7 25. Qd2 Qf4 26. Qxf4 Nxf4 27. h4 Rh8 28. Kh2 Rxh4+ 29. Kg3 Rah8 30. Rbd1 Kf6 31. c3 Rh2 32. d4 Rg2# 0-1